| 000 | 00890nam a2200301 a 4500 | ||
|---|---|---|---|
| 003 | AR-BaBNM | ||
| 005 | 20251128204332.0 | ||
| 008 | 082120s2002 ||||||||||||||000 | spa|| | ||
| 040 | _cAR-BaBNM | ||
| 100 | 1 | _aEkholm, Gordon F. | |
| 245 | 0 | 0 | _aProblemas culturales de la América precolombina |
| 260 |
_aBuenos Aires _bNueva Visión _c1976 |
||
| 300 | _a199 p. | ||
| 490 | 0 | _aFichas | |
| 500 | _aContiene referencias bibliográficas al final de cada capítulo | ||
| 650 | 4 | _aHISTORIOGRAFIA | |
| 650 | 4 | _aESTUDIOS CULTURALES | |
| 650 | 4 | _aANTROPOLOGIA CULTURAL Y SOCIAL | |
| 650 | 4 | _aARTE LATINOAMERICANO | |
| 650 | 4 | _aCULTURAS LATINOAMERICANAS | |
| 651 | 4 | _aAmérica Latina | |
| 700 | 1 | _aMeggers, Betty J. | |
| 700 | 1 | _aEvans, Clifford Evans | |
| 700 | 1 |
_aGarreta, Mariano J. _etraductor |
|
| 800 | 1 |
_aRabinovich, Guillermo _edirector |
|
| 942 | _cBK | ||
| 998 | _cMARTIN | ||
| 999 |
_c7063 _d7063 |
||